Skúmanie finančných a nefinančných faktorov ovplyvňujúcich výkonnosť podniku diplomová práca

Gespeichert in:
Bibliographische Detailangaben
1. Verfasser: Fabianová, Katarína
Körperschaft: Podnikovohospodárska fakulta EU so sídlom v Košiciach. Katedra obchodného podnikania
Weitere Verfasser: Mihalčová, Bohuslava, 1963-
Format: Buch
Sprache:Slowakisch
Veröffentlicht: Košice 2016
Tags: Tag hinzufügen
Keine Tags, Fügen Sie das erste Tag hinzu!

MARC

LEADER 00000nbm a2200000 4500
001 0217771
005 20161219131214.1
041 0 |a slo 
044 |a SK 
245 1 0 |a Skúmanie finančných a nefinančných faktorov ovplyvňujúcich výkonnosť podniku  |b diplomová práca  |c Katarína Fabianová ; školiteľ: Bohuslava Mihalčová 
264 1 |a Košice  |c 2016 
300 |a 72 s. 
100 1 |a Fabianová, Katarína 
700 1 |a Mihalčová, Bohuslava, 1963- 
710 2 |a Podnikovohospodárska fakulta EU so sídlom v Košiciach. Katedra obchodného podnikania